<?xml version="1.0" encoding="UTF-8"?><marc:collection xmlns:marc="http://www.loc.gov/MARC21/slim">
  <marc:record>
    <marc:leader>00000nas  2200000za 4500</marc:leader>
    <marc:controlfield tag="001">9.501527</marc:controlfield>
    <marc:controlfield tag="003">CaOODSP</marc:controlfield>
    <marc:controlfield tag="005">20230424141530</marc:controlfield>
    <marc:controlfield tag="007">cr |||||||||||</marc:controlfield>
    <marc:controlfield tag="008">150406d20052007xxc|| p o||||f|   |0fre|d</marc:controlfield>
    <marc:datafield tag="022" ind1=" " ind2=" ">
      <marc:subfield code="a">1718-4894</marc:subfield>
    </marc:datafield>
    <marc:datafield tag="040" ind1=" " ind2=" ">
      <marc:subfield code="a">CaOODSP</marc:subfield>
      <marc:subfield code="b">fre</marc:subfield>
    </marc:datafield>
    <marc:datafield tag="043" ind1=" " ind2=" ">
      <marc:subfield code="a">n-cn---</marc:subfield>
    </marc:datafield>
    <marc:datafield tag="086" ind1="1" ind2=" ">
      <marc:subfield code="a">P12-13F-PDF</marc:subfield>
    </marc:datafield>
    <marc:datafield tag="110" ind1="1" ind2=" ">
      <marc:subfield code="a">Canada. </marc:subfield>
      <marc:subfield code="b">Travaux publics et services gouvernementaux Canada, </marc:subfield>
      <marc:subfield code="e">auteur, </marc:subfield>
      <marc:subfield code="e">organisme de publication.</marc:subfield>
    </marc:datafield>
    <marc:datafield tag="245" ind1="1" ind2="0">
      <marc:subfield code="a">Nouvelles sur Les prochaines étapes </marc:subfield>
      <marc:subfield code="h">[ressource électronique]</marc:subfield>
    </marc:datafield>
    <marc:datafield tag="260" ind1=" " ind2=" ">
      <marc:subfield code="a">Ottawa - Ontario : </marc:subfield>
      <marc:subfield code="b">Travaux publics et Services gouvernementaux Canada </marc:subfield>
    </marc:datafield>
    <marc:datafield tag="310" ind1=" " ind2=" ">
      <marc:subfield code="a">Irrégulier</marc:subfield>
    </marc:datafield>
    <marc:datafield tag="362" ind1="1" ind2=" ">
      <marc:subfield code="a">Paraît depuis [numéro 1, automne 2005]; ne paraît plus après numéro 8, été 2007.</marc:subfield>
    </marc:datafield>
    <marc:datafield tag="500" ind1=" " ind2=" ">
      <marc:subfield code="a">L'ISSN (1718-4908) de l'édition imprimée bilingue a été incorrectement copié dans l'édition PDF.</marc:subfield>
    </marc:datafield>
    <marc:datafield tag="520" ind1="3" ind2=" ">
      <marc:subfield code="a">Ce bulletin fournit aux ministères et aux organismes du gouvernement fédéral des renseignements sur les changements et les progrès qui sont réalisés relativement aux achats ainsi que sur d’autres changements apportés aux services offerts par le ministère. Il porte sur les façons d’économiser dans le cadre du processus d’approvisionnement et des activités connexes du gouvernement ainsi que sur les moyens d’améliorer l’efficacité des procédures. On y trouve notamment des conseils à l’intention des acheteurs du gouvernement ainsi que des conseils sur la réduction des coûts d’énergie et l’amélioration de la gestion de l’actif immobilier du gouvernement.</marc:subfield>
    </marc:datafield>
    <marc:datafield tag="775" ind1="0" ind2="8">
      <marc:subfield code="t">The Way Forward news </marc:subfield>
      <marc:subfield code="w">(CaOODSP)9.505128</marc:subfield>
    </marc:datafield>
    <marc:datafield tag="776" ind1="0" ind2="#">
      <marc:subfield code="t">Nouvelles sur Les prochaines étapes </marc:subfield>
      <marc:subfield code="w">(CaOODSP)9.511261</marc:subfield>
    </marc:datafield>
    <marc:datafield tag="776" ind1="0" ind2="#">
      <marc:subfield code="t">The Way Forward news </marc:subfield>
      <marc:subfield code="w">(CaOODSP)9.511260</marc:subfield>
    </marc:datafield>
  </marc:record>
</marc:collection>
